000 01425cam a2200253 4500
001 5972
010 _a9722026518
021 _b224902/05
090 _a5972
100 _a20211231d2005 m||y0pory5003 ba
200 1 _aNum país livre
_fV. S. Naipaul
_gtrad. Helena Ramos, Artur Ramos
210 9 _aLisboa
_cDom Quixote
_d2005
215 _a261, [6] p.
225 2 _aFicção Universal
_v341
304 _aTít. orig.: In a free state
330 _a"Num País Livre" é uma obra formada por várias histórias, ligadas por temas comuns: o exílio, a liberdade, o preconceito. Histórias sobre indivíduos desenraizados, confrontados com culturas estranhas. Em Washington, um criado indiano torna-se cidadão americano mas sente-se profundamente alienado do mundo à sua volta. Em Londres, dois irmãos asiáticos consomem-se em apatia, raiva e ilusões mortais. Em África, dois ingleses percorrem as estradas de um país recentemente independente, dilacerado pelo conflito tribal... "Num País Livre" é um romance de grande lucidez e complexidade, hábil, profundo e perturbador, ao mesmo tempo divertido e terrível, compassivo e implacável.
606 _913
_aLiteratura Estrangeira
675 _a821.111-31"19"
_vBN
_zpor
700 _aNaipaul
_bV. S.
_f1932-2018
_95608
702 _aRamos
_bHelena
_93148
702 _aRamos
_bArtur
_f1926-2006
_93149
801 0 _aPT
_bBMVN
_gRPC
830 _cInês Silva
_d31/12/2021
990 _cLIVROS